| 000 | 00661nam a2200241Ia 4500 | ||
|---|---|---|---|
| 003 | OSt | ||
| 005 | 20221005065949.0 | ||
| 006 | a|||||r|||| 00| 0 | ||
| 007 | ta | ||
| 008 | 221004b |||||||| |||| 00| 0 mar d | ||
| 024 | _a41001 | ||
| 037 | _cTextual | ||
| 040 |
_aCRL _cCRL _bmar |
||
| 041 |
_2mar _amar |
||
| 082 | _aO155,3MDA,1, F9 | ||
| 100 |
_aDattar Madadev Vishnu Au. _9605159 |
||
| 245 | 0 | _aVijaynagarchi Swarjystapna | |
| 260 |
_aMumbai _bIndia _c1929 |
||
| 300 |
_a82p. _ccm. |
||
| 650 |
_aMARATHI LITERATURE _938000 |
||
| 942 |
_hO155,3MDA,1, F9 _cTEXL _2cc |
||
| 999 |
_c975456 _d975456 |
||